<?xml version="1.0" encoding="UTF-8"?><?xml-stylesheet type="text/xsl" href="static/style.xsl"?><OAI-PMH xmlns="http://www.openarchives.org/OAI/2.0/" xmlns:xsi="http://www.w3.org/2001/XMLSchema-instance" xsi:schemaLocation="http://www.openarchives.org/OAI/2.0/ http://www.openarchives.org/OAI/2.0/OAI-PMH.xsd"><responseDate>2026-04-13T04:55:29Z</responseDate><request verb="GetRecord" identifier="oai:www.recercat.cat:20.500.14342/1760" metadataPrefix="marc">https://recercat.cat/oai/request</request><GetRecord><record><header><identifier>oai:recercat.cat:20.500.14342/1760</identifier><datestamp>2025-03-11T20:21:57Z</datestamp><setSpec>com_2072_482405</setSpec><setSpec>com_2072_183628</setSpec><setSpec>col_2072_482411</setSpec></header><metadata><record xmlns="http://www.loc.gov/MARC21/slim" xmlns:dcterms="http://purl.org/dc/terms/" xmlns:xsi="http://www.w3.org/2001/XMLSchema-instance" xmlns:doc="http://www.lyncode.com/xoai" xsi:schemaLocation="http://www.loc.gov/MARC21/slim http://www.loc.gov/standards/marcxml/schema/MARC21slim.xsd">
   <leader>00925njm 22002777a 4500</leader>
   <datafield ind2=" " ind1=" " tag="042">
      <subfield code="a">dc</subfield>
   </datafield>
   <datafield ind2=" " ind1=" " tag="720">
      <subfield code="a">Badia, Antoni</subfield>
      <subfield code="e">author</subfield>
   </datafield>
   <datafield ind2=" " ind1=" " tag="720">
      <subfield code="a">Liesa, Eva</subfield>
      <subfield code="e">author</subfield>
   </datafield>
   <datafield ind2=" " ind1=" " tag="720">
      <subfield code="a">Becerril, Lorena</subfield>
      <subfield code="e">author</subfield>
   </datafield>
   <datafield ind2=" " ind1=" " tag="720">
      <subfield code="a">Mayoral Serrat, Paula</subfield>
      <subfield code="e">author</subfield>
   </datafield>
   <datafield ind2=" " ind1=" " tag="260">
      <subfield code="c">2020</subfield>
   </datafield>
   <datafield ind2=" " ind1=" " tag="520">
      <subfield code="a">This exploratory study consists of a description of the five schoolteachers’ identities that
showed five different configurations of teacher’s I-positions. Thirty-one participants were interviewed via a written survey, and data were analysed using qualitative and quantitative procedures. The findings revealed thirty I-positions held by the teachers, classified into nine
broader institutional positions. Additionally, five broad categories of “ways of being” a school
teacher were identified and labelled as follows: (1) teachers engaged mainly in instruction and
collaboration with colleagues; (2) teachers engaged mainly in instruction and building a relationship with families; (3) teachers engaged mainly in instruction, improving educational practice, and collaboration with colleagues; (4) teachers engaged mainly in education and instruction, improving educational practice, collaborating with colleagues, and building a relationship with families; and (5) teachers engaged mainly in instruction, improving educational
practice, collaboration with colleagues, building a relationship with families, and collaboration in the management of the school.</subfield>
   </datafield>
   <datafield ind2=" " ind1=" " tag="520">
      <subfield code="a">Este estudio exploratorio describe cinco identidades de maestros de escuela con cinco configuraciones diferentes de I-posiciones. Treinta y un participantes fueron entrevistados a través de
una entrevista escrita, y los datos se analizaron mediante procedimientos cualitativos y cuantitativos. Los resultados revelaron treinta tipos de I-posiciones, clasificadas en nueve posiciones institucionales. Además, se identificaron cinco categorías de "formas de ser" maestro de
escuela, denominadas de la siguiente forma: (1) Dedicados principalmente a la instrucción y
colaboración con colegas; (2) Dedicados principalmente a la instrucción y la relación con las
familias; (3) Dedicados principalmente a la instrucción, la mejora de la práctica y la colaboración con colegas; (4) Dedicados principalmente a la educación y la instrucción, la mejora de la
práctica, la colaboración con colegas y la relación con las familias; y (5) Dedicados principalmente a la instrucción, la mejora de la práctica, la colaboración con colegas, la relación con
las familias y l gestión de la escuela.</subfield>
   </datafield>
   <datafield ind1="8" ind2=" " tag="024">
      <subfield code="a">http://hdl.handle.net/20.500.14342/1760</subfield>
   </datafield>
   <datafield ind1="8" ind2=" " tag="024">
      <subfield code="a">https://doi.org/10.5565/rev/qpsicologia.1563</subfield>
   </datafield>
   <datafield tag="653" ind2=" " ind1=" ">
      <subfield code="a">Mestres -- Formació</subfield>
   </datafield>
   <datafield tag="653" ind2=" " ind1=" ">
      <subfield code="a">Identitat docent</subfield>
   </datafield>
   <datafield ind2="0" ind1="0" tag="245">
      <subfield code="a">Five ways of being a schoolteacher</subfield>
   </datafield>
</record></metadata></record></GetRecord></OAI-PMH>